000 00536nam a2200193Ia 4500
005 20250508163224.0
008 008 250505s9999 xx 000 0 eng d
037 _aTextual
040 _aFEDL
_beng
_cFEDL
041 _aeng
_2eng
084 _a907, CHA
_qFEDL
100 _aChaudhary K P
_9774937
245 0 _aEffective teaching of history in india
245 0 _cNational Council of Educational Research and Training
260 _c1975
300 _a197p.
942 _cTEXL
_h907, CHA
999 _c1381608
_d1381608